000 00322nam a2200133Ia 4500
100 _aINMAP
942 _cRB
654 _amicroprocessor
245 _aMicroprocessor applications for productivity improvement
260 _bTata Mc Graw hill
_aNew Delhi
_c1988
082 _a1.64
_bINM
300 _a442
546 _aENGLISH
999 _c18281
_d18281